| 000 | 01356cam a2200145 4500500 | ||
|---|---|---|---|
| 005 | 20251214012118.0 | ||
| 041 | _afre | ||
| 042 | _adc | ||
| 100 | 1 | 0 |
_aJullier, Laurent _eauthor |
| 700 | 1 | 0 |
_aWelker, Cécile _eauthor |
| 245 | 0 | 0 | _aLes images de synthèse au cinéma |
| 260 |
_bArmand Colin,
_c2017. |
||
| 520 | _aLes êtres humains, les décors et les objets qui se trouvent pour de bon devant la caméra ne suffisent plus ! Calculer un extraterrestre ou incruster la tour Eiffel pour faire croire que la scène se passe à Paris : aujourd’hui, tous les genres de films ont recours aux images de synthèse, et le cinéma ne peut plus s’en passer.Quand sont-elles apparues ? Comment les conçoit-on ? Quelles sont les étapes de leur intégration à un film ? Quelles sont les spécificités économiques de leur production ? Ces images nouvelles bouleversent-elles les habitudes des cinéastes et des spectateurs ? Illustré d’exemples variés et d’entretiens de spécialistes, ce livre propose une synthèse en répondant à toutes les questions que l’on peut se poser sur les évolutions des technologies, des pratiques et des métiers liées à l’apparition des images de synthèse au cinéma. | ||
| 856 | 4 | 1 | _uhttps://shs.cairn.info/les-images-de-synthese-au-cinema--9782200617110?lang=fr&redirect-ssocas=7080 |
| 999 |
_c1569786 _d1569786 |
||